|
|
|
|
| LEADER |
00000cam a2200000 a 4500 |
| 001 |
UCD3126 |
| 003 |
CL-VaPUC |
| 008 |
160526e19750000ag |||||||||||||||||spa|d |
| 082 |
0 |
4 |
|a 183
|b CRI
|2 21
|
| 100 |
0 |
|
|a Critias
|e author
|9 586497
|
| 245 |
1 |
0 |
|a Fragmentos y testimonios
|
| 250 |
|
|
|a 2a. ed
|
| 300 |
|
|
|a 124 p
|
| 942 |
|
|
|c BK
|
| 945 |
|
|
|d 20160526 21:26:00
|a dcastane
|
| 260 |
|
|
|a Buenos Aires
|b Aguilar
|c 1975
|
| 650 |
|
0 |
|a Filosofía antigua
|9 255705
|
| 650 |
|
0 |
|a Filosofía griega
|9 265579
|
| 650 |
|
0 |
|a Escuelas filosóficas
|9 266232
|
| 583 |
|
|
|a last modification
|c 20170321 09:22:10
|k Rodrigo Vera
|
| 999 |
|
|
|c 364190
|d 364188
|
| 952 |
|
|
|0 0
|1 0
|3 erb
|4 0
|6 183_000000000000000_CRI_1975
|7 0
|8 A
|9 477134
|a FDOHBE
|b FDOHBE
|e Villagrán Garnham, Jorge
|i 5304814
|o 183 CRI 1975
|p 5304814
|r 2024-01-30
|w 2019-11-24
|y BK
|z Catalogado en:20160526
|k HBE
|